Application of Cuckoo Search Algorithm for Global Maximum Power Point Tracking of PV under Partial Shading; Radio Electronics, Electrical and Power Engineering (REEPE)
| Parent link: | Radio Electronics, Electrical and Power Engineering (REEPE).— 2019.— [6 p.] |
|---|---|
| Hovedforfatter: | |
| Institution som forfatter: | |
| Andre forfattere: | , |
| Summary: | Title screen In this study, introduces a cuckoo search (CS) algorithm for determining the global maximum power point (GMPP) of photovoltaic (PV). The traditional methods are failed to track the global maximum power point under partially shaded conditions (PSC), which decrease the reliability of the power system and increase the system losses. The research results of the CS algorithm and perturb and observe (P&O) algorithm are investigated for different cases of operations of PV panels under PSC. The proposed CS model can track the GMPP very accurate with high efficiency in less time under severe weather conditions as well as in PSC. Режим доступа: по договору с организацией-держателем ресурса |
| Sprog: | engelsk |
| Udgivet: |
2019
|
| Fag: | |
| Online adgang: | https://doi.org/10.1109/REEPE.2019.8708788 |
| Format: | Electronisk Book Chapter |
| KOHA link: | https://koha.lib.tpu.ru/cgi-bin/koha/opac-detail.pl?biblionumber=660505 |
MARC
| LEADER | 00000naa0a2200000 4500 | ||
|---|---|---|---|
| 001 | 660505 | ||
| 005 | 20250828153805.0 | ||
| 035 | |a (RuTPU)RU\TPU\network\29955 | ||
| 035 | |a RU\TPU\network\29952 | ||
| 090 | |a 660505 | ||
| 100 | |a 20190705d2019 k y0engy50 ca | ||
| 101 | 0 | |a eng | |
| 135 | |a drcn ---uucaa | ||
| 181 | 0 | |a i | |
| 182 | 0 | |a b | |
| 200 | 1 | |a Application of Cuckoo Search Algorithm for Global Maximum Power Point Tracking of PV under Partial Shading |f I. M. Ibrahim Ahmed, S. S. A. Aboelsaud Raef, S. G. Obukhov | |
| 203 | |a Text |c electronic | ||
| 300 | |a Title screen | ||
| 320 | |a [References: 10 tit.] | ||
| 330 | |a In this study, introduces a cuckoo search (CS) algorithm for determining the global maximum power point (GMPP) of photovoltaic (PV). The traditional methods are failed to track the global maximum power point under partially shaded conditions (PSC), which decrease the reliability of the power system and increase the system losses. The research results of the CS algorithm and perturb and observe (P&O) algorithm are investigated for different cases of operations of PV panels under PSC. The proposed CS model can track the GMPP very accurate with high efficiency in less time under severe weather conditions as well as in PSC. | ||
| 333 | |a Режим доступа: по договору с организацией-держателем ресурса | ||
| 463 | |t Radio Electronics, Electrical and Power Engineering (REEPE) |o 1st IEEE 2019 International Youth Conference, Russia, Moscow, March 14-15, 2019 |v [6 p.] |d 2019 | ||
| 610 | 1 | |a электронный ресурс | |
| 610 | 1 | |a труды учёных ТПУ | |
| 610 | 1 | |a global maximum power point (GMPP) | |
| 610 | 1 | |a partially shading condition (PSC) | |
| 610 | 1 | |a cuckoo search (CS) | |
| 610 | 1 | |a dynamic operation of the PV panel | |
| 610 | 1 | |a максимальная мощность | |
| 610 | 1 | |a затенение | |
| 700 | 0 | |a Ibrahim Ahmed |b I. M. |c specialist in the field of electric power engineering |c Research Engineer, Tomsk Polytechnic University |f 1987- |g Ibrahim Mohamed |3 (RuTPU)RU\TPU\pers\44741 | |
| 701 | 0 | |a Aboelsaud Raef |b S. S. A. |c specialist in the field of electric power engineering |c Research Engineer, Tomsk Polytechnic University |f 1987- |g Siam Sayed Ahmed |3 (RuTPU)RU\TPU\pers\45079 | |
| 701 | 1 | |a Obukhov |b S. G. |c specialist in the field of electric power engineering |c Associate Professor of Tomsk Polytechnic University, Candidate of technical sciences |f 1963- |g Sergey Gennadievich |3 (RuTPU)RU\TPU\pers\37391 |9 20309 | |
| 712 | 0 | 2 | |a Национальный исследовательский Томский политехнический университет |b Инженерная школа энергетики |b Отделение электроэнергетики и электротехники (ОЭЭ) |3 (RuTPU)RU\TPU\col\23505 |
| 801 | 2 | |a RU |b 63413507 |c 20191108 |g RCR | |
| 856 | 4 | |u https://doi.org/10.1109/REEPE.2019.8708788 | |
| 942 | |c CF | ||